Missionary program material : for use with boys and girls /

Tallennettuna:
Bibliografiset tiedot
Muut tekijät: Ferris, Anita Brockway (Kokoaja)
Aineistotyyppi: Kirja
Kieli:englanti
Julkaistu: New York : Missionary Education Movement, 1916.
Aiheet:
Tagit: Lisää tagi
Ei tageja, Lisää ensimmäinen tagi!

MARC

LEADER 00000nam a22000007a 4500
003 KE-NaDUL
005 20230224160655.0
008 230224b |||||||| |||| 00| 0 eng d
040 |a DUL  |c DUL  |d Dwaswala 
050 0 0 |a BV2095.F47 1916 
245 1 0 |a Missionary program material :   |b for use with boys and girls /  |c by Anita B. Ferris 
260 |a New York :  |b Missionary Education Movement,  |c 1916. 
300 |a vii, 97 p.  
650 |a Mission  |v Study and teaching   |9 116155 
700 |a Ferris, Anita Brockway,  |e compiler.   |9 116156 
942 |2 lcc  |c REF  |h BV2095  |i .F47  |m 1916  |6 BV2095 F47 
952 |0 0  |1 0  |2 lcc  |4 0  |6 BV2095 F47 01916  |7 1  |8 REF  |9 132819  |a CUI  |b CUI  |c CUI  |d 2023-02-24  |l 0  |o BV2095.F47 1916  |p CUI02017  |r 2023-02-24 00:00:00  |w 2023-02-24  |x 02017  |y REF 
999 |c 217395  |d 217394